Statistics for Browns all-time best players

Click here to take the quiz!

General Stats

  • This quiz has been taken 17 times
  • The average score is 5 of 14

Answer Stats

PosAnswer% Correct
RBJim Brown
94%
QBOtto Graham
82%
EDGEMyles Garrett
65%
OTJoJoe Thomas
59%
TEOzzie Newsome
53%
WRPaul Warfield
41%
LBClay Matthews
29%
KLou Groza
24%
CBHanford Dixon
6%
DTBill Willis
0%
PDon Cockroft
0%
CFrank Gatsi
0%
IOLJoe Delamielleure
0%
SWarren Lahr
0%

Score Distribution

Percentile by Number Answered

Percent of People with Each Score

Your Score History

You have not taken this quiz